Relations across borders: (Record no. 157605)

MARC details
000 -LEADER
fixed length control field 00658nam a22001817a 4500
005 - DATE AND TIME OF LATEST TRANSACTION
control field 20180920151227.0
010 ## - LCCN (DPL NO)
LC control number ENG-124014
020 ## - INTERNATIONAL STANDARD BOOK NUMBER
International Standard Book Number 9788192606231
Terms of availability 250.00
035 ## - SYSTEM CONTROL NUMBER
System control number EN-107546
037 ## - SOURCE OF ACQUISITION
Source of stock number/acquisition DBAD/PUB
082 ## - DEWEY DECIMAL CLASSIFICATION NUMBER
Classification number 327.540548
100 ## - MAIN ENTRY--PERSONAL NAME
Personal name Fernandes, Walter
245 ## - TITLE STATEMENT
Title Relations across borders:
Statement of responsibility, etc by Walter Fernandes [and] et.....all
Remainder of title communities separated by the indo-myanmar border /
260 ## - PUBLICATION, DISTRIBUTION, ETC. (IMPRINT)
Place of publication, distribution, etc Guwahati
Date of publication, distribution, etc 2015
Name of publisher, distributor, etc North Eastern Social Research Centre
270 ## - ADDRESS
City Guwahati
Address Jagriti 2nd Floor, Arunadai Path, GMC Road, Christian Basti
Postal code 781005
300 ## - PHYSICAL DESCRIPTION
Extent 247p.
Dimensions 21(pbk.)
Other physical details ill.
942 ## - ADDED ENTRY ELEMENTS (KOHA)
Source of classification or shelving scheme Dewey Decimal Classification
Item type English Books
Classification part 327.540548
Call number suffix FER
Holdings
Withdrawn status Lost status Not for loan Collection code Home library Current library Date acquired Source of acquisition Cost, normal purchase price Full call number Barcode Copy number Cost, replacement price Koha item type
    Not For Loan Non-fiction D.B.Act.Division Sarojini Nagar 20/09/2018 DBAD/PUB 250.00 327.540548 FER EN-107546 1 250.00 English Books

© Delhi Public Library
Hit Counter
free hit counter